The clue in the jewel box. #20
Available copies
- 2 of 3 copies available at LARL/NWRL Consortium. (Show)
- 2 of 2 copies available at Northwest Regional Library.
Current holds
0 current holds with 3 total copies.
Show Only Available Copies
| Location | Call Number / Copy Notes | Barcode | Shelving Location | Status | Due Date |
|---|---|---|---|---|---|
| Godel Memorial-Warren Library | j KEE (Text) | 35500004729743 | Main | Available | - |
| Hallock Public Library | j KEE (Text) | 35500004257265 | Main | Available | - |
Record details
- ISBN: 0448095203
- Physical Description: 181 p. illus. 20 cm.
- Publisher: New York, Grosset & Dunlap 1972, c1943
Content descriptions
| Summary, etc.: | Nancy and her friends help a woman search for her ... Read More |
Search for related items by series
| LDR | 01127cam a2200265 4500 | ||
|---|---|---|---|
| 001 | 8499 | ||
| 003 | LARL_NWRL_CONSORTIUM | ||
| 005 | 19870806173259.0 | ||
| 008 | 740328c19721943nyua j 000 1 engm | ||
| 020 | . | ‡a0448095203 ‡c$1.50 | |
| 035 | . | ‡a(OCoLC)867365 | |
| 082 | . | ‡a[Fic] | |
| 092 | . | ‡aKee | |
| 100 | 1 | . | ‡aKeene, Carolyn. ‡0(LARL_NWRL_CONSORTIUM)58935 |
| 245 | 1 | 4. | ‡aThe clue in the jewel box. ‡n#20 |
| 260 | . | ‡aNew York, ‡bGrosset & Dunlap ‡c1972, c1943 | |
| 300 | . | ‡a181 p. ‡billus. ‡c20 cm. | |
| 490 | 0 | . | ‡aNancy Drew mystery stories ; ‡v20 |
| 520 | . | ‡aNancy and her friends help a woman search for her missing grandson. | |
| 901 | . | ‡a8499 ‡bOCLC ‡c8499 ‡tbiblio | |

Add to basket
Permalink
Disable Highlighting